00000000nam 2200000zi 4500
0019.946662
003CaOODSP
00520250109101852
006m     o  d f      
007cr mn|||||||||
008250109e20241018onca    ob   f000 0 eng d
040 |aCaOODSP|beng|erda|cCaOODSP
043 |an-cn---
0861 |aYM32-3/441-C73E-PDF
1001 |aKramski, Natacha, |eauthor.
24510|aBill C-73 : |ban Act respecting transparency and accountability in relation to certain commitments Canada has made under the Convention on Biological Diversity / |cNatacha Kramski and Marlisa Tiedemann.
2463 |aLegislative summary of Bill C-73 : |ban Act respecting transparency and accountability in relation to certain commitments Canada has made under the Convention on Biological Diversity
250 |aPreliminary version unedited.
264 1|aOttawa, Canada : |bLibrary of Parliament = Bibliothè€que du Parlement, |c18 October 2024.
264 4|c©2024
300 |a1 online resource (i, 11 pages) : |billustration
336 |atext|btxt|2rdacontent
337 |acomputer|bc|2rdamedia
338 |aonline resource|bcr|2rdacarrier
4901 |aLegislative summary ; |v44-1-C73-E
500 |aIssued also in French under title: Projet de loi C-73 : Loi concernant la transparence et la responsabilité en rapport avec certains engagements du Canada dans le cadre de la Convention sur la diversité biologique.
500 |aCover title.
500 |a"Research and Education."
504 |aIncludes bibliographical references (pages 9-11).
650 0|aTransparency (Ethics) in government|xLaw and legislation|zCanada.
650 0|aBiodiversity conservation|xLaw and legislation|zCanada.
7101 |aCanada. |bLibrary of Parliament, |eissuing body.
7101 |aCanada. |bParliamentary Information, Education and Research Services, |eissuing body.
77508|tProjet de Loi C-73 : |w(CaOODSP)9.946664
830#0|aLegislative summary (Canada. Parliamentary Information, Education and Research Services)|v44-1-C73-E.|w(CaOODSP)9.504770
85640|qPDF|s602 KB|uhttps://publications.gc.ca/collections/collection_2025/bdp-lop/ls/YM32-3-441-C73-eng.pdf